Dialogar, acusar (Record no. 183250)
[ view plain ]
| 000 -LEADER | |
|---|---|
| campo de control de longitud fija | 00712nam a2200181 i 4500 |
| 001 - NÚMERO DE CONTROL | |
| campo de control | 183250 |
| 003 - IDENTIFICADOR DE NÚMERO DE CONTROL | |
| campo de control | ES-MaACL |
| 005 - FECHA Y HORA DE LA ÚLTIMA TRANSACCIÓN | |
| campo de control | 20230906221838.0 |
| 008 - DATOS DE LONGITUD FIJA--INFORMACIÓN GENERAL | |
| campo de control de longitud fija | 140203s2013 sp |||| | spa d |
| 080 ## - NÚMERO DE LA CLASIFICACIÓN DECIMAL UNIVERSAL | |
| Número de la Clasificación Decimal Universal | 321.134.2-32"19" |
| 100 1# - ENTRADA PRINCIPAL--NOMBRE DE PERSONA | |
| Nombre de persona | Ferrando, Ignacio ( |
| Fechas asociadas al nombre | 1972-) |
| 9 (RLIN) | 154346 |
| 245 10 - MENCIÓN DEL TÍTULO | |
| Título | Dialogar, acusar |
| Resto del título | ; seguido de: Los sistemas : relato perteneciente a "La piel de los extraños" / |
| Mención de responsabilidad, etc. | Ignacio Ferrando. |
| 260 ## - PUBLICACIÓN, DISTRIBUCIÓN, ETC. | |
| Lugar de publicación, distribución, etc. | Molina de Segura (Murcia) : |
| Nombre del editor, distribuidor, etc. | Ayuntamiento de Molina de Segura, Concejalía de Cultura y Festejos, |
| Fecha de publicación, distribución, etc. | [2013] |
| 300 ## - DESCRIPCIÓN FÍSICA | |
| Extensión | [20] p. ; |
| Dimensiones | 22 cm. |
| 586 ## - NOTA DE PREMIOS | |
| Nota de premios | X Premio Setenil, 2013 |
| 710 1# - ENTRADA AGREGADA--NOMBRE DE ENTIDAD CORPORATIVA | |
| Nombre de entidad corporativa o nombre de jurisdicción como elemento de entrada | Molina de Segura. |
| Unidad subordinada | Concejalía de Cultura y Festejos. |
| 9 (RLIN) | 149745 |
| 852 ## - LOCALIZACIÓN | |
| Ubicación | ES-MaACL |
| Número de control de estantería | 1573-F-9 |
| Estatus retirado | Estado de pérdida | Estado de daño | No para préstamo | Colección | Biblioteca de origen | Biblioteca actual | Ubicación en estantería | Fecha de adquisición | Fuente de adquisición | Total de préstamos | Signatura topográfica completa | Código de barras | Visto por última vez | Precio de reemplazo | Tipo de ítem Koha |
|---|---|---|---|---|---|---|---|---|---|---|---|---|---|---|---|
| Colección de folletos | Biblioteca del Ateneo de Madrid | Biblioteca del Ateneo de Madrid | Depósito folletos | 03/02/2014 | 1573-F-9 | 1192595 | 23/02/2023 | 23/02/2023 | Folleto |
